An introduction to composite materials / (Record no. 615191)

000 -LEADER
fixed length control field 00987nam a2200313 a 4500
001 - CONTROL NUMBER
control field 1827872
005 - DATE AND TIME OF LATEST TRANSACTION
control field 20251016103405.0
008 - FIXED-LENGTH DATA ELEMENTS--GENERAL INFORMATION
fixed length control field 811208s1981 enka b 001 0 eng
010 ## - LIBRARY OF CONGRESS CONTROL NUMBER
LC control number 80042039
020 ## - INTERNATIONAL STANDARD BOOK NUMBER
International Standard Book Number 0521239915
020 ## - INTERNATIONAL STANDARD BOOK NUMBER
International Standard Book Number 0521283922
Qualifying information pbk.
020 ## - INTERNATIONAL STANDARD BOOK NUMBER
International Standard Book Number 9780521239912
020 ## - INTERNATIONAL STANDARD BOOK NUMBER
International Standard Book Number 9780521283922
Qualifying information (pbk.)
035 ## - SYSTEM CONTROL NUMBER
System control number 1827872
040 ## - CATALOGING SOURCE
Original cataloging agency DLC
Transcribing agency DLC
Modifying agency DLC
082 00 - DEWEY DECIMAL CLASSIFICATION NUMBER
Classification number 620.118
Author Mark H912 I
100 1# - MAIN ENTRY--PERSONAL NAME
Personal name Hull, Derek.
9 (RLIN) 40426
245 13 - TITLE STATEMENT
Title An introduction to composite materials /
Statement of responsibility, etc. Derek Hull.
260 ## - PUBLICATION, DISTRIBUTION, ETC.
Place of publication, distribution, etc. Cambridge ;
-- New York :
Name of publisher, distributor, etc. Cambridge University Press,
Date of publication, distribution, etc. 1981.
300 ## - PHYSICAL DESCRIPTION
Extent x, 246 p. :
Other physical details ill. ;
Dimensions 23 cm.
336 ## - CONTENT TYPE
Content type term text
Content type code txt
Source rdacontent
337 ## - MEDIA TYPE
Media type term unmediated
Media type code n
Source rdamedia
338 ## - CARRIER TYPE
Carrier type term volume
Carrier type code nc
Source rdacarrier
440 #0 - SERIES STATEMENT/ADDED ENTRY--TITLE
Title Cambridge solid state science series
9 (RLIN) 131201
504 ## - BIBLIOGRAPHY, ETC. NOTE
Bibliography, etc. note Includes bibliographies and index.
650 #0 - SUBJECT ADDED ENTRY--TOPICAL TERM
Topical term or geographic name entry element Composite materials.
9 (RLIN) 25366
906 ## - LOCAL DATA ELEMENT F, LDF (RLIN)
a 7
b cbc
c orignew
d 3
e ocip
f 19
g y-gencatlg
942 ## - ADDED ENTRY ELEMENTS (KOHA)
Source of classification or shelving scheme
Koha item type Book
Edition 1st
Holdings
Withdrawn status Lost status Source of classification or shelving scheme Damaged status Not for loan Permanent Location Current Location Date acquired Total Checkouts Full call number Barcode Date last seen Price effective from Koha item type
          School of Chemical & Materials Engineering (SCME) School of Chemical & Materials Engineering (SCME) 10/16/2025   620.118 H912 I SCME-D314 10/16/2025 10/16/2025 Book
© 2023 Central Library, National University of Sciences and Technology. All Rights Reserved.